000 00629nam a22000977a 4500
008 160220b xxu||||| |||| 00| 0 eng d
100 _aMeier zu Eissen, Hans
245 _aDie Deutschen Privatpost-Anstalten: I. Aachen bis Berlin
260 _aBraunschweig, Germany
_bRichard Borek
_c1979
650 _aGermany | Saxony | Dresden | Germany -- Saxony (1858-1868) | German States | Locals and Private Posts | Postal Stationery | Cards | Post Cards | Printed to Private Order Postal Stationery | 19th Century | 20th Century | Catalogs and Price Lists | Express Companies | Postal History | Postal Markings | Postal Rates | Cinderella Material
999 _c1787
_d1787